Logo BPK

Biblioteka

Politechniki Koszalińskiej

Introduction to artificial neural systems / (Rekord nr 30200)

Szczegóły MARC
000 -ETYKIETA REKORDU
podpole kontrolne o stałej długości 00553nam a2200205 i 4500
001 - NUMER KONTROLNY REKORDU
pole kontrolne bg
020 ## - MIĘDZYNARODOWY ZNORMALIZOWANY NUMER KSIĄŻKI - ISBN
ISBN 0314933913
040 ## - ŹRÓDŁO KATALOGOWANIA
Instytucja, która utworzyła rekord BPK
041 0# - KOD JĘZYKA
Kod języka tekstu en
080 ## - UNIWERSALNA KLASYFIKACJA DZIESIĘTNA - UKD
UKD 681.324
920 ## - Międzynarodowy znormalizowany numer książki – ISBN
ISBN 0-314-93391-3
008 - POLE O STAŁEJ DŁUGOŚCI - DANE KONTROLNE
podpole kontrolne o stałej długości s pl f |000 0 pol
100 1# - NAZWA OSOBOWA
Nazwa osobowa ZURADA, Jacek M.
245 10 - TYTUŁ/ODPOWIEDZIALNOŚĆ
Tytuł Introduction to artificial neural systems /
Pozostałe elementy strefy tytułu i oznaczenia odpowiedzialności Jacek M. Zurada.
260 ## - STREFA ADRESU WYDAWNICZEGO
Miejsce wydania St. Paul [i in.] :
Nazwa wydawcy/dystrybutora West Publ. Comp.,
Data publikacji, dystrybucji/powstania dokumentu 1992.
300 ## - STREFA OPISU FIZYCZNEGO
Objętość XXIV, 683, 57, 119 s. :
Inne cechy fizyczne rys., wykr. ;
Rozmiary 24 cm.
504 ## - UWAGA DOTYCZĄCA BIBLIOGRAFII
Informacje o bibliografii Indeks.
650 #9 - HASŁO PRZEDMIOTOWE W FORMIE NAZWY OGÓLNEJ LUB JEDNOSTKOWEJ
Nazwa ogólna lub geograficzna Sieci neuronowe
856 ## - LOKALIZACJA I DOSTĘP DO ELEKTRONICZNYCH DOKUMENTÓW ZDALNYCH
Link (URL) http://koha.tu.koszalin.pl/cgi-bin/koha/opac-detail.pl?biblionumber=30200
Tekst linku Katalog online BPK
942 ## - DODATKOWE ELEMENTY (KOHA)
Typ dokumentu Książka
Egzemplarze
Wycofany Status egzemplarza Uszkodzony Dostępność Lokalizacja stała Lokalizacja bieżąca Miejsce przechowywania Sygnatura Kod kreskowy Status: wypożyczony Typ dokumentu
      Dostępny Biblioteka Politechniki Koszalińskiej Biblioteka Politechniki Koszalińskiej Wypożyczalnia BG 36822 01867541 16.06.2026 Książka
© 2023 Biblioteka Politechniki Koszalińskiej :: KOHA